| 000 | 00352nam a2200145Ia 4500 | ||
|---|---|---|---|
| 008 | 150201s2007 xx 000 0 und d | ||
| 082 |
_a614.44 _bP07R |
||
| 100 | _aRAO, SRIDHAR,B | ||
| 245 | _aPRINCIPLES OF COMMUNITY MEDICINE | ||
| 250 | _a4TH | ||
| 260 |
_bAITBS _aDELHI _c2007 |
||
| 300 | _a1-627 | ||
| 650 | _aCOMMUNITY MEDICINE | ||
| 942 |
_2ddc _cBK _02 |
||
| 999 |
_c551 _d551 |
||